banner-ar

تاريخ مدينة الخانكاه فى عصر سلاطين المماليك : (Record no. 66846)

MARC details
000 -الفاتح
حقل البيانات ثابتة الطول 00853nam a2200193Ia 4500
005 - وقت وتاريخ اخر تعامل مع التسجيلة
رقم الضبط 20240530110943.0
008 - عناصر البيانات ثابتة الطول - معلومات عامة
حقل البيانات ثابتة الطول 140319s2020 sy ahk b 000 0 ara d
022 ## - الرقم الدولى المعيارى للدوريات
الرقم الدولى المعيارى للدوريات 978933600433
040 ## - مصدر الفهرسة
وكالة الفهرسة الأصلية GCL /
وكالة النسخ GCL
082 04 - رقم تصنيف ديوى العشرى
رقم التصنيف 962.1
رقم المادة ق/م ت
100 0# - المدخل الرئيسى - إسم شخصى
الإسم الشخصى محمد جمال حامد الشوربجى
245 10 - بيان العنوان
العنوان تاريخ مدينة الخانكاه فى عصر سلاطين المماليك :
بقية العنوان 725 - 923 هـ / 1325 - 1517 م /
بيان المسئوليه,etc تاليف محمد جمال حامد الشوربجى
260 ## - PUBLICATION, DISTRIBUTION, ETC. (IMPRINT)
تاريخ النشر أو التوزيع 2020.
300 ## - الوصف المادى
التعداد 159 ص. :
تفاصيل ماديه اخرى للوعاء ايض ؛
أبعاد الوعاء 24 سم.
504 ## - تبصرة ببليوجرافية
تبصرة ببليوجرافية,الخ يشتمل على ارجاعات ببليوجرافية
650 07 - المدخل الاضافى بالموضوع-مصطلح موضوعى
مصدر الرأس أو المصطلح qrmak
مصطلح موضوعي العمارة الاسلامية
التقسيم الفرعي العام عصر المماليك
651 07 - المدخل الاضافى بالموضوع - اسم جغرافى
مصدر الرأس أو المصطلح qrmak
الاسم الجغرافي الخانكاه
التقسيم الفرعي العام تاريخ
942 ## - عناصر المدخل الإضافي( كوها)
مصدر التصنيف او مخطط الترفيف Dewey Decimal Classification
Koha [default] item type كتاب
260 ## - PUBLICATION, DISTRIBUTION, ETC. (IMPRINT)
-- دمشق :
-- نور حوران للدراسات والنشر والتراث،
Holdings
حالة التراجع حالة الفقد حالة تلف ليس للاعارة المكان المؤقت الموقع الحالى موقع الترفيف تاريخ الاكتساب اجمالي اﻻعارات رقم الطلب الباركود تاريخ اخر مشاهدة تاريخ تفعيل السعر نوع وعاء كوها
        مكتبة القاهرة الكبرى مكتبة القاهرة الكبرى   11/08/2022   962.1 ق/م ت 168804 11/08/2022 11/08/2022 كتاب

Powered By

EGPV